000 00558nam a2200181Ia 4500
008 090124s9999 xx 000 0 und d
082 _b5412
_a710
100 _aटिळक लक्ष्मीबाई
245 _a स्मृतिचित्रे
250 _a1
260 _c1935
300 _a139
600 _aटिळक लक्ष्मीबाई
630 _a स्मृतिचित्रे
700 _aटिळक लक्ष्मीबाई
730 _a स्मृतिचित्रे
942 _cBOOK
999 _c119353
_d119353